000 00929nam a2200265Ia 4500
003 OSt
005 20221005112351.0
006 a|||||r|||| 00| 0
007 ta
008 221004b |||||||| |||| 00| 0 pan d
020 _a9789352312474 (hbk)
_cINR 295.00
024 _a45118
037 _b1059, 12/02/2019, H.K. Prakashan
_cTextual
040 _aCRL
_cCRL
_bpan
041 _2pan
_apan
082 _aO153,3NWA,NJ, Q8
100 _aਸਿੰਘ, ਬਲਦੇਵ, ਂਚ.
245 0 _aਨਾ ਜਾਹ ਬਰਮਾ ੱ
260 _aਸਮਾਣਾ
_bਸੰਗਮ ਪਬਲੀਕੇFਨਗ਼ ਭਾਰਤ
_c2018
300 _a175ਪ੍ਰ0
_ccm.
650 _a ਪੰਜਾਬੀ ਕਹਾਣੀ
650 _aਪੰਜਾਬੀ ਸਾਹਿਤ
942 _hO153,3NWA,NJ, Q8
_cTEXL
_2cc
999 _c1024677
_d1024677